00525nam a2200157 a 450000100100000000500170001000800410002704000250006810000300009324500390012325000120016226000500017430000210022495201050024599900170035000003662620200930075833.0120123s1958 br 000 0 spa d aDO-SdBNPbspacBNPHU1 aAlencar, José de96292610aO guarani :bromance brasileiro /. a18a ed. a[Brasil] :bMelhoramentos Edições,c1958. a327 p. ;c20 cm. 001050718MOaGRbGRcCTd2012-01-23iLF1l0o p36626-10r2020-06-25w2020-06-25y1ZNo se presta c36117d36117